Ústava Slovenskej republiky Stručný komentár

Saved in:
Bibliographic Details
Main Author: Grman, Štefan
Other Authors: Hudek, Ľudovít
Format: Book
Language:Slovak
Published: Bratislava Amos 1992
Edition:1. vyd.
Subjects:
Tags: Add Tag
No Tags, Be the first to tag this record!

MARC

LEADER 00000nam a2200000 4500
001 c001908
005 20221214090846.1
020 |a 80-85290-13-8 
041 0 |a slo 
044 |a SK 
245 1 0 |a Ústava Slovenskej republiky  |b Stručný komentár  |c Štefan Grman, Ľudovít Hudek 
250 |a 1. vyd. 
264 1 |a Bratislava  |b Amos  |c 1992 
300 |a 92 s.  |e príl. 
610 2 0 |a ústava 
610 2 0 |a Slovensko 
610 2 0 |a 1992 
610 2 0 |a právo ústavné 
100 1 |a Grman, Štefan 
700 1 |a Hudek, Ľudovít